Statistics for Benin First Level Subdivisions

Click here to take the quiz!

General Stats

  • This quiz has been taken 49 times
  • The average score is 9 of 12

Answer Stats

Départements% Correct
Plateau
100%
Atlantique
88%
Littoral
81%
Zou
81%
Mono
75%
Ouémé
69%
Alibori
63%
Atakora
63%
Borgou
63%
Collines
63%
Kouffo
63%
Donga
63%

Score Distribution

Percentile by Number Answered

Percent of People with Each Score

Your Score History

You have not taken this quiz